000 00384nam a2200133Ia 4500
008 151001s9999||||xx |||||||||||||| ||und||
100 _aमोहनदास निमिषराय
245 _aबाबासाहेब और उनके संस्मरण
250 _a1
260 _bसंगीता
260 _c1998
300 _a46
365 _b18
999 _c973678
_d973675